01823 a2200265 4500003000500000005001700005010001600022020001800038040000900056082001400065100002300079245007300102250001400175260003600189300003500225490002800260505085000288650004901138700002301187856009301210856008501303942001201388999001901400952013801419Nust20240601112222.0 a 98046602 a9781260011463 cNust00a519.5,SPI1 aSpiegel, Murray R.10aSchaum's outline Statistics /cMurray R. Spiegel & :arry J. Stephens a6th ed. / aNew York :bMcGraw-Hill,cc2018 axvii, 579 p. :bill. ;c28 cm.0 aSchaum's outline series aVariables and Graphs Chapter (Page-1), Frequency Distributions (Page-36), The Mean, Median, Mode, and Other Measures of Central Tendency (Page-61), The Standard Deviation and other Measures of Dispersion (Page-95), Moments, Skewness, and Kurtosis (Page-123), Elementary Probability Theory (Page-139), The Binomial, Normal, and Poisson Distributions (Page-172), Elementary Sampling Theory (Page-203), Statistical Estimation Theory (Page-227), Statistical Decision Theory (Page-245), Small Sampling Theory (Page-275) ,The Chi-Square Test (Page-294), Curve Fitting and the Method of Least Squares (Page-316), Correlation Theory (Page-345), Multiple and Partial Correlation (Page-382), Analysis of Variance (Page-403), Nonparametric Tests (Page-446), Statistical Process Control and Process Capability Answers to Supplementary Problems (Page-480). 0aStatisticsxProblems, exercises, etc.9883271 aStephens, Larry J.423Contributor biographical informationuhttp://www.loc.gov/catdir/bios/mh041/98046602.html423Publisher descriptionuhttp://www.loc.gov/catdir/description/mh023/98046602.html 2ddccBK c188873d188873 00102ddc4070aMCSbMCScGENd2016-12-12l1o519.5,SPIpMCS34546r2024-05-29s2023-02-07w2016-12-12yBKzAlmirah No.14, Shelf No.5